000 00991cam a22002777a 4500
999 _c125856
_d125856
001 11866326
003 ARRUPE
005 20170301083532.0
008 990915s1998 rh a b 000 0 eng
010 _a 99892413
020 _a0869227297
035 _a(DLC) 99892413
040 _aDLC
_cDLC
_dDLC
042 _alcode
050 0 0 _aBR1536.V616 1998
100 2 _aVerstraelen, Frans J.
_927882
245 1 0 _aZimbabwean realities and Christian responses :
_bcontemporary aspects of Christianity in Zimbabwe /
_cFrans J. Verstraelen.
260 _aGweru, Zimbabwe :
_bMambo Press
_c1998.
300 _aviii, 152 p. :
_bill. ;
_c22 cm.
440 0 _aMambo occasional papers.
_pMissio-pastoral series ;
_vno. 25.
_927883
500 _aOn spine [Christ] appears as the symbol for the cross.
504 _aIncludes bibliographical references (p. 139-152).
650 _aChristianity
_zZimbabwe
_919410
906 _a7
_bcbc
_corigode
_d4
_encip
_f19
_gy-gencatlg
942 _2lcc
_cMONOGRAPH